000 01047nam a22002417a 4500
005 20170601105000.0
010 _a1516EN0 ENG-114529
020 _a9789350716397
_c775.00
035 _aEN-98061
035 _aB-606812-826
035 _aB-666071
037 _adpl
_bVariety/Ven
037 _bDBAD/PUB
082 _a346.54086
245 _aTaxmann's guide to insurance act :
_bas amended by insurance laws (Amendment) Act 2015
250 _a2nd ed
260 _aNew Delhi
_bTaxmann Publications
_c2015
270 _a59/32, New Rohtak Road,
_bNew Delhi
_e110005
_k+91-11-45562222
_l-
_m-
300 _avarious pagings :
_c24cm(pbk)
_e1CD-ROM
942 _2ddc
_cEN
_mTAX
_h346.54086
999 _c95837
_d95837